Loading...
| Literature - British Literature | 0 | 7 | 0 | 0 | 70 | 37 | 55.86 | 2 | 6 |
| Literature - World Literature | 0 | 7 | 1 | 2 | 65 | 50 | 80.57 | 2 | 4 |
| Literature - American Literature | 0 | 5 | 1 | 0 | 45 | 26 | 50.20 | 2 | 5 |
| Fine Arts - Classical Music | 0 | 4 | 0 | 0 | 40 | 61 | 78.00 | 1 | 2 |
| History - World History | 0 | 4 | 1 | 1 | 35 | 29 | 79.75 | 1 | 1 |
| Painting/Sculpture | 0 | 5 | 3 | 1 | 35 | 54 | 75.80 | 1 | 3 |
| Literature - European Literature | 0 | 4 | 1 | 1 | 35 | 48 | 85.50 | 1 | 2 |
| Science - Other Science | 0 | 3 | 1 | 1 | 25 | 54 | 58.33 | 0 | 1 |
| Science - Biology | 0 | 3 | 1 | 0 | 25 | 52 | 65.67 | 1 | 1 |
| Fine Arts - Other Fine Arts | 0 | 3 | 1 | 1 | 25 | 74 | 82.67 | 1 | 2 |
| Science - Chemistry | 0 | 2 | 0 | 0 | 20 | 39 | 40.50 | 1 | 2 |
| Pop Culture | 0 | 2 | 0 | 0 | 20 | 27 | 56.50 | 0 | 0 |
| Science - Physics | 0 | 2 | 1 | 0 | 15 | 39 | 54.00 | 0 | 1 |
| Religion | 0 | 3 | 3 | 1 | 15 | 62 | 82.67 | 0 | 0 |
| Social Science | 0 | 1 | 0 | 1 | 10 | 105 | 105.00 | 0 | 0 |
| Geography | 0 | 1 | 0 | 0 | 10 | 82 | 82.00 | 0 | 0 |
| History - American History | 0 | 1 | 0 | 0 | 10 | 84 | 84.00 | 0 | 0 |
| History - European History | 0 | 1 | 0 | 0 | 10 | 74 | 74.00 | 0 | 0 |
| Current Events | 0 | 1 | 0 | 1 | 10 | 108 | 108.00 | 0 | 0 |
| History - Other History | 0 | 0 | 1 | 0 | -5 | 0.00 | 0 | 0 | |
| Philosophy | 0 | 0 | 1 | 0 | -5 | 0.00 | 0 | 0 |